000 00666nam a2200241 a 4500
001 BRL_1805
005 20190320211356.0
008 040815s1972----mx-a######---#000-0#spa-#
041 _aspa
044 _amx
050 4 _aF1221.T39
_b.W55 1972
100 1 _aWilliams García, Roberto
_923385
245 1 0 _aMitos Tepehuas
_cRoberto Williams García.
260 _aMéxico
_bSEP
_c1972
300 _a156 p.
_bil.
_c17 cm.
440 0 _aSepsetentas
_v27
_922717
500 _aAu1984
504 _aBibliografía: p. 153-154
650 1 4 _aTepehuas
_xMitología
_927913
650 1 4 _aMitología indígena
_xHistoria
_zMéxico
_927914
902 _aGRL
942 _2lcc
_cB
999 _c10613
_d10613